| 000 | 00888nam a22002777a 4500 | ||
|---|---|---|---|
| 001 | 35401 | ||
| 003 | UA-OsUOA | ||
| 005 | 20210324121102.0 | ||
| 007 | ta | ||
| 008 | 20051125b un ||||| |||| 00| 0 ukr d | ||
| 020 | _a966-663-112-1 | ||
| 040 |
_aUA-OsUOA _bukr _cUA-OsUOA _dUA-OsUOA |
||
| 041 | _aukr | ||
| 080 | _a323 | ||
| 090 |
_a323 _bГ57 |
||
| 100 | _aГовлет М. | ||
| 245 |
_aДослідження державної політики: цикли та підсистема політики _cГовлет М., Рамеш М. |
||
| 260 |
_aЛьвів _bКальварія _c2004 |
||
| 300 | _a264 с. | ||
| 650 | 7 |
_a32 Політика _2UDC |
|
| 700 | _aРамеш М. | ||
| 856 | 4 | 0 | _uhttps://issuu.com/irf_ua/docs/govlet_studying_public_policy-2004 |
| 942 |
_cBK _2udc |
||
| 955 | _a2 | ||
| 999 |
_c321763 _d321763 |
||